[Event "Ann Arbor (Mini-Swiss/1)"]
[Site "?"]
[Date "1996.??.??"]
[Round "?"]
[White "Scioly, Tony"]
[Black "Pecot, Dave"]
[Result "1-0"]
[WhiteElo "1605"]
[BlackElo "1605"]
[PlyCount "69"]
[EventDate "1996.??.??"]

1. e4 e5 2. Nf3 f5 3. d4 fxe4 4. Nxe5 Qf6 5. Bc4 d6 6. Nf7 c6 7. Nxh8 d5 8. Be2
Bf5 9. O-O Ne7 10. c4 g6 11. Nxg6 Nxg6 12. cxd5 Bd6 13. Bh5 cxd5 14. Nc3 Qh4
15. g3 Qh3 16. Nxd5 Nd7 17. Bf4 Be6 18. Bxd6 Bxd5 19. Bg4 Qh6 20. Rc1 Nh4 21.
Bf4 Qf6 22. Rc7 Rd8 23. Qd2 Nf3+ 24. Bxf3 exf3 25. Bg5 Qf5 26. Qe3+ Be4 27. Kh1
Rb8 28. Re1 Kf7 29. Qxe4 Qxe4 30. Rxe4 Kg6 31. h4 Nf6 32. Bxf6 Kxf6 33. Rf4+
Ke6 34. Rxf3 Rd8 35. Rf4 1-0

[Event "Ann Arbor (Mini-Swiss/3/7)"]
[Site "?"]
[Date "1996.??.??"]
[Round "?"]
[White "Scioly, Tony"]
[Black "Mellas, Jim"]
[Result "0-1"]
[WhiteElo "1605"]
[BlackElo "1605"]
[PlyCount "46"]
[EventDate "1996.??.??"]

{3/(7)} 1. e4 e5 2. Nf3 Nc6 3. g3 Nf6 4. d3 d5 5. exd5 Nxd5 6. Bg2 Bg4 7. O-O
Qd7 8. Re1 Bd6 9. d4 O-O-O 10. dxe5 Bc5 11. Bg5 Ndb4 12. Qxd7+ Rxd7 13. Na3 h6
14. Be3 Bxe3 15. Rxe3 Rhd8 16. Kf1 Rd1+ 17. Rxd1 Rxd1+ 18. Ke2 Ra1 19. c3 Nxa2
20. Kd2 Nc1 21. c4 Na5 22. Nd4 Na2 23. Ndc2 Rd1# 0-1

[Event "Ann Arbor (Mini-Swiss/1/7)"]
[Site "?"]
[Date "1996.??.??"]
[Round "?"]
[White "Scioly, Tony"]
[Black "Marson, Michael"]
[Result "0-1"]
[WhiteElo "1605"]
[BlackElo "1665"]
[PlyCount "52"]
[EventDate "1996.??.??"]

{1/(7)} 1. e4 Nf6 2. e5 Nd5 3. d4 d6 4. c4 Nb6 5. Nf3 g6 6. Nc3 Bg7 7. Be2 Bg4
8. b3 Nc6 9. Bf4 Bxf3 10. Bxf3 dxe5 11. Bxc6+ bxc6 12. Bxe5 O-O 13. Bxg7 Kxg7
14. O-O e6 15. Qd3 Qe7 16. Qe4 c5 17. d5 Qf6 18. Rac1 Rfe8 19. Qe3 exd5 20.
Qxc5 dxc4 21. Qxc7 cxb3 22. axb3 Re6 23. Qg3 Rc8 24. Nb5 Rxc1 25. Rxc1 Qb2 26.
h3 Qxc1+ 0-1

[Event "Howell (US Am N/3/39)"]
[Site "?"]
[Date "1996.??.??"]
[Round "?"]
[White "Scioly, Tony"]
[Black "Koo, M."]
[Result "1-0"]
[WhiteElo "1605"]
[BlackElo "1605"]
[PlyCount "59"]
[EventDate "1996.??.??"]

{3/(39)} 1. e4 e5 2. Nf3 Nc6 3. g3 Nf6 4. d3 Bc5 5. Bg2 d6 6. O-O h6 7. Nc3 Nd4
8. Ne2 Bg4 9. Nfxd4 Bxd4 10. h3 Bxe2 11. Qxe2 g6 12. c3 Bb6 13. a4 Nh5 14. Kh2
Qf6 15. a5 Bxa5 16. Rxa5 b6 17. Ra1 Ng7 18. d4 exd4 19. e5 Qxe5 20. Qxe5+ dxe5
21. Bxa8 dxc3 22. bxc3 Nf5 23. Bc6+ Ke7 24. Ba3+ Kf6 25. f4 exf4 26. Rxf4 Rd8
27. g4 Rd2+ 28. Kg1 Kg5 29. Rxf5+ gxf5 30. Bc1 1-0

[Event "Kalamazoo (MI Am/5/10)"]
[Site "?"]
[Date "1996.??.??"]
[Round "?"]
[White "Scioly, Tony"]
[Black "Jensen, M."]
[Result "1/2-1/2"]
[WhiteElo "1605"]
[BlackElo "1625"]
[PlyCount "49"]
[EventDate "1996.??.??"]

{5/(10)} 1. Nf3 Nc6 2. g3 e5 3. e4 Nf6 4. d3 Bc5 5. Bg2 d6 6. O-O Bg4 7. h3 Bd7
8. Nc3 Qc8 9. Kh2 h6 10. Na4 Bb6 11. Nxb6 axb6 12. Re1 Be6 13. c3 Rxa2 14. Rxa2
Bxa2 15. b3 Na5 16. Nd2 Qe6 17. c4 Nc6 18. Bb2 O-O 19. Bc3 Ra8 20. Qc2 b5 21.
Nf3 b4 22. Ra1 bxc3 23. Rxa2 Qc8 24. Rxa8 Qxa8 25. Qxc3 1/2-1/2

[Event "Ann Arbor (HVA/5/4)"]
[Site "?"]
[Date "1996.??.??"]
[Round "?"]
[White "Scioly, Tony"]
[Black "Iyer, Krishnan"]
[Result "0-1"]
[WhiteElo "1605"]
[BlackElo "1605"]
[PlyCount "92"]
[EventDate "1996.??.??"]

{5/(4)} 1. e4 e5 2. Nf3 Nc6 3. Bb5 a6 4. Ba4 b5 5. Bb3 Nf6 6. O-O Be7 7. Re1
O-O 8. c3 d6 9. h3 h6 10. d4 exd4 11. cxd4 Na5 12. Bc2 c5 13. d5 Nc4 14. Nc3
Qc7 15. b3 Ne5 16. Bb2 Nfd7 17. Ne2 Bf6 18. Nxe5 Bxe5 19. Bxe5 Nxe5 20. Ng3 g6
21. Qd2 Kg7 22. f4 Nd7 23. Re3 Re8 24. Rf1 Nf6 25. Qc3 b4 26. Qb2 Qd8 27. e5
dxe5 28. fxe5 Nxd5 29. e6+ f6 30. Nh5+ gxh5 31. Rg3+ Kf8 32. Bh7 Bxe6 33. Qc1
Ke7 34. Qxc5+ Kf7 35. Qc1 Qd6 36. Rff3 Nc3 37. Qf1 Bg4 38. hxg4 Ne2+ 39. Kh2 h4
40. Rxf6+ Qxf6 41. Qxf6+ Kxf6 42. Rf3+ Kg7 43. Bd3 Nc3 44. Rf2 Re3 45. Bc4 Rf8
46. Rd2 Rf6 0-1

[Event "Kalamazoo (MI Am/4/9)"]
[Site "?"]
[Date "1996.??.??"]
[Round "?"]
[White "Scioly, Tony"]
[Black "Hencir, Edward"]
[Result "1/2-1/2"]
[WhiteElo "1605"]
[BlackElo "1680"]
[PlyCount "153"]
[EventDate "1996.??.??"]

{4/(9)} 1. Nf3 c5 2. g3 e6 3. Bg2 Qc7 4. O-O Nf6 5. d3 h6 6. e4 d6 7. Re1 Nbd7
8. Nbd2 Be7 9. a4 O-O 10. Nc4 a5 11. e5 dxe5 12. Nfxe5 Nxe5 13. Bf4 Nfd7 14.
Nxe5 Nxe5 15. Bxe5 Bd6 16. Bxd6 Qxd6 17. Qd2 Bd7 18. Bxb7 Bc6 19. Bxa8 Rxa8 20.
Qe3 Rd8 21. b3 Ba8 22. f3 Qd5 23. Rf1 Qh5 24. g4 Qh3 25. Qf2 Rd4 26. Qg3 Qxg3+
27. hxg3 f5 28. gxf5 exf5 29. Rae1 Kf7 30. Kf2 Kf6 31. Re2 h5 32. Rfe1 Bd5 33.
Re7 h4 34. gxh4 Rxh4 35. Kg3 g5 36. Ra7 f4+ 37. Kf2 Rh2+ 38. Kg1 Rxc2 39. Rxa5
Bxf3 40. Ra6+ Kf5 41. Ree6 Kg4 42. Rg6 Kh4 43. Ra7 g4 44. Kf1 Kg3 45. Ke1 Re2+
46. Kf1 Rb2 47. Ke1 Kg2 48. Re7 Rxb3 49. Kd2 Kf2 50. a5 Ra3 51. a6 g3 52. Rf7
Ra4 53. a7 Bh5 54. Rxf4+ Rxf4 55. a8=Q Bxg6 56. Qc6 g2 57. Qxc5+ Kf1 58. Qc1+
Kf2 59. Qc5+ Kf3 60. Qe3+ Kg4 61. Qe2+ Kg3 62. Qe3+ Rf3 63. Qe5+ Kf2 64. Qe2+
Kg3 65. Qe5+ Kh3 66. Qe6+ Bf5 67. Qh6+ Kg3 68. Qg5+ Kh2 69. Qh5+ Rh3 70. Qe2
Bxd3 71. Qf2 Bf1 72. Qf4+ Kh1 73. Qe4 Bd3 74. Qc6 Be4 75. Qxe4 Kh2 76. Qe2 Kh1
77. Qe4 1/2-1/2

[Event "Kalamazoo (MI Am/2/9)"]
[Site "?"]
[Date "1996.??.??"]
[Round "?"]
[White "Scioly, Tony"]
[Black "Ferguson, G."]
[Result "0-1"]
[WhiteElo "1605"]
[BlackElo "1825"]
[PlyCount "80"]
[EventDate "1996.??.??"]

{2/(9)} 1. Nf3 Nf6 2. g3 b6 3. Bg2 Bb7 4. O-O e6 5. d3 d5 6. Nbd2 c5 7. Re1 Be7
8. e4 d4 9. a4 O-O 10. Nc4 Nc6 11. h4 Rc8 12. e5 Nd5 13. Ng5 h6 14. Nh3 f5 15.
exf6 Rxf6 16. Nf4 Nxf4 17. Bxf4 e5 18. Nxe5 Bd6 19. Nxc6 Bxc6 20. Bxc6 Rxc6 21.
Bxd6 Rcxd6 22. Qh5 Rf8 23. Re2 Qd7 24. b3 Rdf6 25. Rae1 Qh3 26. Qd5+ Kh8 27.
Qg2 Qg4 28. Re8 Qd7 29. Qa8 Qf5 30. Rxf8+ Rxf8 31. Qg2 c4 32. Re4 cxb3 33. cxb3
Rd8 34. f4 Qg4 35. Re2 Rc8 36. Kh2 Qh5 37. Rc2 Rc3 38. Qa8+ Kh7 39. Qe4+ Qg6
40. Qe2 Rxd3 $138 0-1

[Event "Kalamazoo (Swiss/5/3)"]
[Site "?"]
[Date "1996.??.??"]
[Round "?"]
[White "Schulte, Michael"]
[Black "Stoughton, J."]
[Result "1-0"]
[WhiteElo "1605"]
[BlackElo "1700"]
[PlyCount "57"]
[EventDate "1996.??.??"]

{5/(3)} 1. f4 g6 2. Nf3 Bg7 3. e4 d6 4. Nc3 Nf6 5. Bc4 O-O 6. O-O b6 7. d3 Bb7
8. Rb1 Nc6 9. f5 Na5 10. fxg6 hxg6 11. Bxf7+ Rxf7 12. Ng5 Qd7 13. Nxf7 Kxf7 14.
Bg5 Kg8 15. Qd2 Rf8 16. Bh6 Ng4 17. Rxf8+ Bxf8 18. Bxf8 Kxf8 19. h3 Ne5 20.
Qh6+ Kg8 21. d4 Nf7 22. Qxg6+ Kf8 23. Rf1 e6 24. h4 Qe8 25. Rf6 Bc8 26. Nb5 Qd7
27. h5 Nc6 28. h6 Ne7 29. Qxf7# 1-0

[Event "Kalamazoo (Swiss/4/3)"]
[Site "?"]
[Date "1996.??.??"]
[Round "?"]
[White "Schulte, Michael"]
[Black "Pulsipher, D."]
[Result "1-0"]
[WhiteElo "1605"]
[BlackElo "1715"]
[PlyCount "79"]
[EventDate "1996.??.??"]

{4/(3)} 1. f4 d5 2. b3 f5 3. Bb2 e6 4. Nf3 Nf6 5. e3 Bc5 6. c4 c6 7. Nc3 O-O 8.
Qc2 Qe7 9. Rc1 Bd7 10. cxd5 cxd5 11. Nxd5 exd5 12. Qxc5 Qxc5 13. Rxc5 b6 14.
Rc1 Nc6 15. Ne5 Rac8 16. Nxd7 Nxd7 17. Bb5 Ncb8 18. Rxc8 Rxc8 19. Bd3 g6 20.
Ke2 Kf7 21. Rc1 Rxc1 22. Bxc1 Nc5 23. Bc2 Nc6 24. a3 Ke6 25. b4 Ne4 26. Kf3 Kd6
27. d3 Nf6 28. Bb2 Ke6 29. Bxf6 Kxf6 30. g4 Ke6 31. gxf5+ gxf5 32. Kg3 Kf6 33.
Kh4 Kg6 34. Ba4 Ne7 35. Kg3 Kf6 36. Kf3 h6 37. e4 dxe4+ 38. dxe4 fxe4+ 39. Kxe4
a6 40. Bc2 1-0

[Event "Kalamazoo (Mini-Swiss.3/2)"]
[Site "?"]
[Date "1996.??.??"]
[Round "?"]
[White "Schulte, Michael"]
[Black "Krzyston, Joe"]
[Result "1-0"]
[WhiteElo "1605"]
[BlackElo "1605"]
[PlyCount "57"]
[EventDate "1996.??.??"]

{3/(2)} 1. f4 d6 2. Nf3 c6 3. e4 Nf6 4. Nc3 a6 5. d4 e6 6. Bd3 Be7 7. e5 Ng4 8.
Qe2 d5 9. Bd2 h5 10. O-O-O Nd7 11. h3 Nh6 12. f5 exf5 13. Bxh6 gxh6 14. Bxf5
Nb6 15. Bxc8 Rxc8 16. Rhe1 Nc4 17. Nb1 Qb6 18. c3 Kf8 19. g4 h4 20. Rf1 Re8 21.
b3 Ba3+ 22. Nxa3 Nxa3 23. g5 Re6 24. Nxh4 Nb5 25. Qf3 Re7 26. Nf5 Rd7 27. Qh5
Kg8 28. Rf4 c5 29. Rh4 {[Remainder illegible]} 1-0

[Event "Kalamazoo (Mini-Swiss.2/1)"]
[Site "?"]
[Date "1996.??.??"]
[Round "?"]
[White "Schulte, Michael"]
[Black "Krzyston, Joe"]
[Result "1-0"]
[WhiteElo "1605"]
[BlackElo "1605"]
[PlyCount "95"]
[EventDate "1996.??.??"]

{2/(1)} 1. d4 h6 2. e4 g5 3. c3 d5 4. Bd3 Bg7 5. e5 c5 6. f4 g4 7. Be3 c4 8.
Bc2 h5 9. Ne2 Nh6 10. O-O Bf5 11. Ng3 Bxc2 12. Qxc2 h4 13. Nf5 Rg8 14. Nxh6
Bxh6 15. Qh7 Rg6 16. Bd2 Nd7 17. f5 Nf8 18. fxg6 Nxh7 19. gxf7+ Kd7 20. Bxh6
Qh8 21. Nd2 e6 22. Rf4 Nf8 23. Bg5 Qh5 24. Bf6 Ng6 25. Rff1 g3 26. h3 Rf8 27.
Bg7 Qh7 28. Bxf8 Nxf8 29. Rac1 Qd3 30. Nf3 Qe3+ 31. Kh1 Qh6 32. Rb1 Qf4 33. Nh2
Qe4 34. Ng4 Qg6 35. Nf6+ Ke7 36. Ne8 Nh7 37. Nd6 b6 38. Rbc1 Kf8 39. b4 Ng5 40.
Rf6 Qd3 41. Rh6 Nh7 42. Rxh4 Qe3 43. Rg1 Qd3 44. Rg4 Ke7 45. Rf4 Ng5 46. f8=Q+
Kd7 47. Qg7+ Kc6 48. Qb7# 1-0

[Event "Kalamazoo (Mini-Swiss.2/3)"]
[Site "?"]
[Date "1996.??.??"]
[Round "?"]
[White "Schulte, Michael"]
[Black "Dorrington, Eldon"]
[Result "0-1"]
[WhiteElo "1605"]
[BlackElo "1605"]
[PlyCount "32"]
[EventDate "1996.??.??"]

{2/(3)} 1. f4 d5 2. Nf3 Nc6 3. e3 Bg4 4. Bb5 e6 5. Bxc6+ bxc6 6. b3 d4 7. e4
Nf6 8. e5 Nd5 9. d3 Bb4+ 10. Bd2 Ne3 11. Qc1 Nxg2+ 12. Kf2 Bxd2 13. Qxd2 Bxf3
14. Kxf3 Qd5+ 15. Kg3 Nxf4 16. Nc3 Nh5+ 0-1

[Event "Kalamazoo (Swiss/2/1)"]
[Site "?"]
[Date "1996.??.??"]
[Round "?"]
[White "Schulte, Michael"]
[Black "Brown, Dan"]
[Result "0-1"]
[WhiteElo "1605"]
[BlackElo "1870"]
[PlyCount "80"]
[EventDate "1996.??.??"]

{2/(1)} 1. f4 Nf6 2. Nf3 g6 3. b3 Bg7 4. Bb2 O-O 5. e3 c5 6. Be2 Nc6 7. O-O d6
8. Na3 a6 9. c4 Bf5 10. Nh4 Bd7 11. Nc2 Rb8 12. Bd3 e6 13. g4 Nxg4 14. Nxg6
fxg6 15. Bxg7 Qh4 16. Qe2 Kxg7 17. Ne1 e5 18. Nf3 Qh5 19. fxe5 Ncxe5 20. Nxe5
Rxf1+ 21. Rxf1 Nxe5 22. Qxh5 gxh5 23. Be2 Bg4 24. Bxg4 hxg4 25. Kg2 Rf8 26.
Rxf8 Kxf8 27. d4 Nf3 28. dxc5 dxc5 29. h3 Ne5 30. hxg4 Nxg4 31. Kf3 h5 32. e4
Ke7 33. Kf4 Ke6 34. Kg5 Ke5 35. Kxh5 Nf6+ 36. Kg6 Nxe4 37. Kf7 b5 38. cxb5 axb5
39. Ke7 c4 40. bxc4 bxc4 0-1

[Event "Kalamazoo (Mini-Swiss.3/3)"]
[Site "?"]
[Date "1996.??.??"]
[Round "?"]
[White "Schulte, Michael"]
[Black "Betke, Brian"]
[Result "1-0"]
[WhiteElo "1605"]
[BlackElo "1605"]
[PlyCount "59"]
[EventDate "1996.??.??"]

{3/(3)} 1. f4 f5 2. e4 d6 3. Bd3 e6 4. exf5 exf5 5. b3 Nc6 6. Bb2 Nf6 7. Qe2+
Qe7 8. Bxf6 gxf6 9. Qxe7+ Bxe7 10. a3 Bd7 11. Nf3 O-O-O 12. Nh4 Nd4 13. Nc3 c6
14. Ne2 Nxe2 15. Kxe2 a6 16. Bxf5 Bxf5 17. Nxf5 Rhg8 18. Nxe7+ Kc7 19. Nxg8
Rxg8 20. Kf3 b5 21. Rhe1 c5 22. Re7+ Kb6 23. Rxh7 a5 24. a4 bxa4 25. bxa4 c4
26. Rb1+ Kc5 27. Rb5+ Kd4 28. Rd7 c3 29. Rxd6+ Kc4 30. d3# 1-0

[Event "Kalamazoo (Mini-Swiss.3/3)"]
[Site "?"]
[Date "1996.??.??"]
[Round "?"]
[White "Schooley, B."]
[Black "Klink, R."]
[Result "0-1"]
[WhiteElo "1605"]
[BlackElo "1605"]
[PlyCount "52"]
[EventDate "1996.??.??"]

{3/(3)} 1. e4 e5 2. Nf3 Nc6 3. Bb5 d6 4. d4 exd4 5. Nxd4 Bd7 6. O-O Nxd4 7.
Bxd7+ Qxd7 8. Qxd4 Nf6 9. Rd1 Qg4 10. Be3 Be7 11. Qa4+ c6 12. Nc3 O-O 13. Qb4
b6 14. Rd3 Rfe8 15. Bh6 d5 16. Qb3 Bd6 17. h3 Qe6 18. Bd2 Nxe4 19. Re1 Nxd2 20.
Rxe6 Nxb3 21. Rxe8+ Rxe8 22. Kf1 Nc5 23. Rd4 Be5 24. Rd1 Bxc3 25. bxc3 Ne4 26.
Re1 Nd2+ 0-1

[Event "Detroit (Class B/2/15)"]
[Site "?"]
[Date "1996.??.??"]
[Round "?"]
[White "Schilling, P."]
[Black "Libby, Dan"]
[Result "1-0"]
[WhiteElo "1680"]
[BlackElo "1740"]
[PlyCount "49"]
[EventDate "1996.??.??"]

{2/(15)} 1. e4 c5 2. Nf3 Nc6 3. Nc3 Nf6 4. d3 g6 5. Be2 Bg7 6. Bf4 O-O 7. Qd2
d5 8. O-O-O d4 9. Nb5 a6 10. Na3 b5 11. Bh6 Be6 12. Bxg7 Kxg7 13. h4 b4 14. Nb1
Bxa2 15. h5 Bxb1 16. hxg6 fxg6 17. Qh6+ Kg8 18. Ng5 Rf7 19. Nxf7 Kxf7 20. Kxb1
b3 21. cxb3 Qa5 22. Qf4 e5 23. Rxh7+ Kg8 24. Qxf6 Kxh7 25. Rh1+ 1-0

[Event "Detroit (Class B/3/5)"]
[Site "?"]
[Date "1996.??.??"]
[Round "?"]
[White "Schey, Danny"]
[Black "Turner, P."]
[Result "1/2-1/2"]
[WhiteElo "1720"]
[BlackElo "1715"]
[PlyCount "82"]
[EventDate "1996.??.??"]

{3/(5)} 1. e4 c5 2. Nf3 e6 3. d3 d6 4. g3 Nc6 5. Bg2 Nf6 6. O-O Be7 7. Nbd2 O-O
8. a4 Bd7 9. Re1 e5 10. Nc4 h6 11. c3 Qc7 12. Nfd2 Rfe8 13. f4 Rad8 14. Nf1 Bf8
15. Nfe3 exf4 16. gxf4 Nb8 17. e5 dxe5 18. fxe5 Nh7 19. Nd5 Qc8 20. Bf4 Be6 21.
Nce3 Nc6 22. d4 Ne7 23. Nxe7+ Bxe7 24. d5 Bd7 25. Qf3 Ng5 26. Qg3 Kh8 27. d6
Bf8 28. Bxg5 hxg5 29. Qxg5 Re6 30. Qh5+ Kg8 31. Rf1 g6 32. Qg5 c4 33. Bd5 Qc5
34. Bxe6 Bxe6 35. Qxd8 Qxe3+ 36. Rf2 Bd5 37. Rd1 Qe4 38. Rxd5 Qxd5 39. Qe8 Qd1+
40. Kg2 Qg4+ 41. Kf1 Qd1+ 1/2-1/2

[Event "Flint (MI Senior/1/10)"]
[Site "?"]
[Date "1996.??.??"]
[Round "?"]
[White "Schey, Danny"]
[Black "Strong, A."]
[Result "1-0"]
[WhiteElo "1745"]
[BlackElo "1605"]
[PlyCount "63"]
[EventDate "1996.??.??"]

{1/(10)} 1. c4 c5 2. Nc3 Nf6 3. Nf3 Nc6 4. e4 e5 5. d3 d6 6. Bg5 Be7 7. g3 O-O
8. Bg2 b6 9. O-O Bb7 10. Nh4 h6 11. Bd2 Nd4 12. Ne2 Ne6 13. Nf5 Kh7 14. Qc1 Bc8
15. Bxh6 gxh6 16. Qxh6+ Kg8 17. Bh3 Nh7 18. f4 exf4 19. gxf4 Kh8 20. Kh1 Rg8
21. Rg1 Bf6 22. Rxg8+ Kxg8 23. Qh5 Nd4 24. Rg1+ Kh8 25. Nh6 Qf8 26. Bf1 Bg4 27.
Rxg4 Bg7 28. Nxf7+ Qxf7 29. Qxf7 Rg8 30. Nxd4 cxd4 31. e5 dxe5 32. fxe5 1-0

[Event "Detroit (Class B/5/2)"]
[Site "?"]
[Date "1996.??.??"]
[Round "?"]
[White "Schey, Danny"]
[Black "McCarter, Robert"]
[Result "1/2-1/2"]
[WhiteElo "1720"]
[BlackElo "1780"]
[PlyCount "86"]
[EventDate "1996.??.??"]

{5/(2)} 1. c4 c5 2. Nf3 g6 3. e4 Bg7 4. d4 cxd4 5. Nxd4 Nc6 6. Be3 a6 7. Nc3 e6
8. Be2 Nge7 9. Qd2 d6 10. O-O O-O 11. Nc2 Qc7 12. Bh6 Rd8 13. Bxg7 Kxg7 14.
Rfd1 b6 15. Rac1 Bb7 16. Ne3 Rd7 17. Ng4 Ng8 18. Qf4 Rad8 19. Nd5 exd5 20. cxd5
b5 21. dxc6 Bxc6 22. Rd2 Qb7 23. f3 h5 24. Ne3 Qb6 25. Kh1 Ne7 26. Rcd1 Bb7 27.
a4 f6 28. g4 g5 29. Qg3 Qxe3 30. gxh5 Qf4 31. Qxf4 gxf4 32. axb5 axb5 33. Bxb5
Rc7 34. Rxd6 Rxd6 35. Rxd6 Rc1+ 36. Kg2 Rc2+ 37. Kg1 Rxb2 38. Bd3 Rd2 39. Rd7
Kf8 40. Rxb7 Rxd3 41. Kf2 Rd2+ 42. Kf1 Rc2 43. h6 Rc1+ 1/2-1/2

[Event "Flint (MI Senior/3/5)"]
[Site "?"]
[Date "1996.??.??"]
[Round "?"]
[White "Schey, Danny"]
[Black "Foord, Allan"]
[Result "1-0"]
[WhiteElo "1745"]
[BlackElo "1605"]
[PlyCount "37"]
[EventDate "1996.??.??"]

{3/(5)} 1. c4 Nf6 2. Nc3 g6 3. e4 d6 4. d4 Bg7 5. Bg5 c6 6. Be2 Qa5 7. Qd2 Nbd7
8. h4 h6 9. Be3 e6 10. Nh3 a6 11. h5 g5 12. f4 gxf4 13. Bxf4 e5 14. Be3 b5 15.
Nf2 Nb6 16. dxe5 dxe5 17. Qd6 Bb7 18. Qxe5+ Kf8 19. Qc5+ 1-0

[Event "Howell (US Am N/1/36)"]
[Site "?"]
[Date "1996.??.??"]
[Round "?"]
[White "Schell, Ken"]
[Black "Yahkind, Andrew"]
[Result "1-0"]
[WhiteElo "1710"]
[BlackElo "1605"]
[PlyCount "67"]
[EventDate "1996.??.??"]

{1/(36)} 1. e4 e5 2. Nf3 Nc6 3. Bb5 f5 4. d3 a6 5. Ba4 Nf6 6. O-O d6 7. Nc3 Be7
8. Re1 O-O 9. Ng5 Nd4 10. Ne2 Ng4 11. Nxd4 exd4 12. Bb3+ Kh8 13. Nf7+ Rxf7 14.
Bxf7 g6 15. b4 Qf8 16. Bb3 fxe4 17. f3 exf3 18. Qxf3 Qxf3 19. gxf3 Ne5 20. Kg2
Bd7 21. Bb2 Rf8 22. Bxd4 c5 23. bxc5 dxc5 24. Bxe5+ Bf6 25. Bxf6+ Rxf6 26. Re5
b6 27. Rae1 Rf8 28. Re7 Bc6 29. Rf7 Rd8 30. Ree7 c4 31. Bxc4 Bd5 32. Bxd5 Kg8
33. Rg7+ Kf8 34. Ref7+ 1-0

[Event "Howell (US Am N/5/12)"]
[Site "?"]
[Date "1996.??.??"]
[Round "?"]
[White "Schell, Ken"]
[Black "Poenisch, Volker"]
[Result "1/2-1/2"]
[WhiteElo "1710"]
[BlackElo "1970"]
[PlyCount "88"]
[EventDate "1996.??.??"]

{5/(12)} 1. e4 e5 2. Nf3 Nc6 3. Bb5 a6 4. Ba4 Nf6 5. O-O Be7 6. Re1 b5 7. Bb3
O-O 8. c3 d5 9. exd5 Nxd5 10. Nxe5 Nxe5 11. Rxe5 c6 12. d4 Bd6 13. Re1 Qh4 14.
g3 Qh3 15. Be3 Bg4 16. Qd3 Rae8 17. Nd2 Re6 18. Qf1 Qh5 19. Bd1 Rfe8 20. Bxg4
Qxg4 21. f3 Qh5 22. Bf2 f5 23. Rxe6 Rxe6 24. Re1 Rh6 25. h4 Bxg3 26. Bxg3 Rg6
27. Re8+ Kf7 28. Qe2 Rxg3+ 29. Kf1 Nf6 30. Re7+ Kg6 31. Qh2 f4 32. Re5 Qh6 33.
Kf2 Kf7 34. Ne4 Nxe4+ 35. Rxe4 g5 36. h5 Qf6 37. h6 Qf5 38. Qh5+ Qg6 39. Qxg6+
hxg6 40. h7 Rh3 41. Re5 Kf6 42. Rc5 Rxh7 43. Rxc6+ Kf5 44. Rc5+ Kf6 1/2-1/2

[Event "Lansing (MOR/6/8)"]
[Site "?"]
[Date "1996.??.??"]
[Round "?"]
[White "Schell, Ken"]
[Black "Morian, William"]
[Result "1/2-1/2"]
[WhiteElo "1705"]
[BlackElo "1605"]
[PlyCount "66"]
[EventDate "1996.??.??"]

{6/(8)} 1. e4 e5 2. Nf3 Nc6 3. Bb5 Bc5 4. O-O d6 5. h3 Nf6 6. Re1 O-O 7. c3 h6
8. d3 Bd7 9. Be3 Bb6 10. Nbd2 Re8 11. Nf1 Ne7 12. Bxd7 Qxd7 13. Ng3 Ng6 14. Qd2
Rad8 15. Rad1 c6 16. c4 d5 17. cxd5 cxd5 18. exd5 Qxd5 19. Nf5 e4 20. dxe4 Qxe4
21. N5d4 Qd5 22. b3 Qd6 23. b4 Ne5 24. Nxe5 Qxe5 25. Rf1 Nd5 26. Nf3 Qe7 27.
Bxb6 Nxb6 28. Qe1 Rxd1 29. Qxd1 Qxb4 30. Qc1 Qc4 31. Qa3 a6 32. Rc1 Qf4 33. Rb1
Qc7 1/2-1/2

[Event "Detroit (Class B/1/3)"]
[Site "?"]
[Date "1996.??.??"]
[Round "?"]
[White "Schell, Ken"]
[Black "McCarter, Robert"]
[Result "0-1"]
[WhiteElo "1705"]
[BlackElo "1780"]
[PlyCount "176"]
[EventDate "1996.??.??"]

{1/(3)} 1. e4 c5 2. Nf3 d6 3. d4 cxd4 4. Nxd4 Nf6 5. Nc3 a6 6. Be2 e5 7. Nb3
Be7 8. O-O Be6 9. f4 exf4 10. Bxf4 O-O 11. Qd2 b5 12. Rad1 b4 13. Nd5 Bxd5 14.
exd5 a5 15. Bf3 Qb6+ 16. Qd4 Nbd7 17. Rfe1 Rfe8 18. Be3 Qb7 19. Bf4 a4 20. Nc1
Bd8 21. Rxe8+ Nxe8 22. Kh1 Bf6 23. Qe3 Bxb2 24. Ne2 Ne5 25. Re1 Rc8 26. Be4 Nf6
27. Rd1 Nxe4 28. Qxe4 Rc4 29. Nd4 f6 30. h3 Qc8 31. Bh2 Kf7 32. Bg1 h6 33. Nf5
Qd7 34. Bd4 Bc3 35. Nxh6+ gxh6 36. Qh7+ Ke8 37. Qg8+ Ke7 38. Qg7+ Kd8 39. Qxf6+
Qe7 40. Bb6+ Kd7 41. Qf5+ Ke8 42. Qh5+ Nf7 43. Rf1 Re4 44. Qg6 Re1 45. Qg8+ Qf8
46. Rxe1+ Bxe1 47. Qg4 Ne5 48. Qe6+ Qe7 49. Qg8+ Kd7 50. Qb8 Bh4 51. Qa7+ Ke8
52. Qxa4+ Kf7 53. Qxb4 Bg3 54. Qe4 Qf6 55. Qh7+ Kf8 56. Be3 Qf1+ 57. Bg1 Nf7
58. Qd3 Qe1 59. Qe3 Qxe3 60. Bxe3 h5 61. a4 Ke8 62. Kg1 Be1 63. Bb6 Kd7 64. a5
Kc8 65. c4 Bb4 66. a6 Kb8 67. Kf1 Ne5 68. c5 Bxc5 69. Bxc5 dxc5 70. Ke2 Ka7 71.
Kd2 Kxa6 72. Kc3 Kb5 73. g4 hxg4 74. hxg4 Nxg4 75. d6 Ne5 76. Kb3 Nd7 77. Kc2
Kc6 78. Kc3 Kxd6 79. Kd3 Kd5 80. Kc3 Ne5 81. Kc2 Kd4 82. Kd2 c4 83. Kc2 Nc6 84.
Kd2 Nb4 85. Kc1 Kc3 86. Kb1 Kd2 87. Kb2 Nd3+ 88. Kb1 c3 0-1

[Event "Howell (US Am N/3/28)"]
[Site "?"]
[Date "1996.??.??"]
[Round "?"]
[White "Schell, Ken"]
[Black "Jackson, Katrina"]
[Result "1/2-1/2"]
[WhiteElo "1710"]
[BlackElo "1605"]
[PlyCount "48"]
[EventDate "1996.??.??"]

{3/(28)} 1. e4 e6 2. d4 d5 3. e5 c5 4. c3 Nc6 5. Nf3 Bd7 6. Be2 Be7 7. Na3 f6
8. exf6 Nxf6 9. Nc2 O-O 10. O-O Qc7 11. Re1 Bd6 12. Bb5 Rae8 13. dxc5 Bxc5 14.
Ncd4 e5 15. Ne2 Qb6 16. Bxc6 Bxf2+ 17. Kh1 Bxc6 18. Rf1 Ne4 19. b3 Bc5 20. Qc2
Nf2+ 21. Kg1 Ne4+ 22. Kh1 Nf2+ 23. Kg1 Ne4+ 24. Kh1 Nf2+ 1/2-1/2

[Event "Detroit (Class B/3/9)"]
[Site "?"]
[Date "1996.??.??"]
[Round "?"]
[White "Schell, Ken"]
[Black "Grzegorczyk, Ron"]
[Result "1-0"]
[WhiteElo "1705"]
[BlackElo "1620"]
[PlyCount "105"]
[EventDate "1996.??.??"]

{3/(9)} 1. e4 c5 2. Nf3 Nc6 3. d4 cxd4 4. Nxd4 e6 5. Nc3 a6 6. Be3 d6 7. Be2
Nf6 8. O-O Be7 9. f4 O-O 10. Bf3 Qb6 11. Qd2 Qxb2 12. Rab1 Qa3 13. Nxc6 bxc6
14. Rb3 Qa5 15. Bb6 Nxe4 16. Bxe4 Qh5 17. Bxc6 Rb8 18. Bf3 Qh6 19. Be3 Rxb3 20.
axb3 f5 21. Ne2 e5 22. fxe5 Qe6 23. exd6 Qxd6 24. Qxd6 Bxd6 25. Bd5+ Kh8 26.
Nf4 Be5 27. g3 Bd7 28. Bb7 a5 29. Rd1 Bc8 30. Bxc8 Rxc8 31. Rd5 Bc3 32. Rxf5 g6
33. Rc5 Rxc5 34. Bxc5 Kg7 35. Ne2 Bd2 36. Kf2 Kf6 37. c3 Ke5 38. Bb6 Ke4 39.
Bxa5 Be3+ 40. Kg2 g5 41. Nd4 h5 42. b4 h4 43. gxh4 gxh4 44. Kh3 Bg1 45. b5 Be3
46. b6 Bf4 47. b7 Kd5 48. Bd8 Kc4 49. Ne6 Bb8 50. Bc7 Ba7 51. b8=Q Bxb8 52.
Bxb8 Kxc3 53. Kxh4 1-0

[Event "Lansing (MOR/4/6)"]
[Site "?"]
[Date "1996.??.??"]
[Round "?"]
[White "Schell, Ken"]
[Black "Griffin, John"]
[Result "0-1"]
[WhiteElo "1705"]
[BlackElo "1605"]
[PlyCount "30"]
[EventDate "1996.??.??"]

{4/(6)} 1. e4 c5 2. Nf3 Nc6 3. d4 cxd4 4. Nxd4 Nf6 5. Nc3 e5 6. Ndb5 d6 7. Be2
a6 8. Na3 b5 9. Bg5 b4 10. Bxf6 gxf6 11. Qd5 Qc7 12. Nab5 axb5 13. Nxb5 Qd7 14.
Bh5 Bb7 15. O-O-O Nd4 0-1

[Event "Lansing (MOR/2/9)"]
[Site "?"]
[Date "1996.??.??"]
[Round "?"]
[White "Schell, Ken"]
[Black "Eck, J."]
[Result "1-0"]
[WhiteElo "1705"]
[BlackElo "1605"]
[PlyCount "157"]
[EventDate "1996.??.??"]

{2/(9)} 1. e4 e5 2. Nf3 Nc6 3. Bb5 a6 4. Ba4 Nf6 5. O-O Be7 6. Re1 d6 7. c3 Bd7
8. d4 h6 9. Nbd2 b5 10. Bc2 exd4 11. cxd4 Bg4 12. h3 Bh5 13. Nb3 a5 14. Be3 a4
15. Nbd2 a3 16. Qb1 Nb4 17. Bb3 O-O 18. bxa3 Rxa3 19. Bxf7+ Bxf7 20. Qxb4 d5
21. Qxb5 dxe4 22. Ne5 Be8 23. Qc4+ Kh8 24. Nb3 Nd5 25. Bc1 Ra4 26. Qc2 Nf6 27.
Bb2 Ra6 28. Nc5 Rc6 29. Nxc6 Bxc6 30. Ne6 Qd5 31. Nxf8 Bxf8 32. Rac1 Bb7 33.
Ba1 Bb4 34. Bc3 Bd6 35. Qb3 Qc6 36. Bb4 Qa6 37. Bxd6 cxd6 38. Rb1 Bd5 39. Qb8+
Kh7 40. Qb6 Qxa2 41. Rb2 Qa3 42. Re3 Qa1+ 43. Rb1 Qa4 44. Rb4 Qd1+ 45. Kh2 Qh5
46. Rg3 e3 47. Qc7 Ne8 48. Qc2+ g6 49. Rxe3 Qg5 50. Rg3 Qf6 51. Ra4 h5 52. Ra7+
Kh6 53. Qd2+ g5 54. Qd3 Ng7 55. Re3 h4 56. Re2 Qf4+ 57. g3 Qc1 58. Re4 hxg3+
59. fxg3 Bxe4 60. Qxe4 Qd2+ 61. Kg1 Qd1+ 62. Kf2 Qd2+ 63. Kf3 Qd1+ 64. Kg2 Qd2+
65. Kf1 Qd1+ 66. Qe1 Qxd4 67. Ra8 Qd3+ 68. Qe2 Qf5+ 69. Kg2 Qd5+ 70. Qf3 Qd2+
71. Kh1 Qe1+ 72. Kh2 Qd2+ 73. Qg2 Qd3 74. Ra2 Nf5 75. Rf2 Nd4 76. Qd5 Nf3+ 77.
Qxf3 Qg6 78. Qf6 d5 79. Qh8+ 1-0